00882nam a22002657a 45000010005000000030006000050050017000110080041000280200017000690400029000860500014001150820012001291000022001412450042001632500043002052600044002483000050002924900027003425050008003695200143003775210029005205210020005496500023005696500024005925280FISKH20241122135312.0241122b cb ||||| |||| 00| 0 eng d a071001003994 aFISKHbengcFISKHdFISKH aPZ7.R2737 a823.914 aBanks, Lynne Reid aOne More River /cby Lynne Reid Banks aFirst Avon Camelot Printing : May 1993 aNew York : bAvon Books ;c1973, 1992 . a248 pages : billustrations , maps ;c20 cm . aOne More RivervBook 1 aW  aFourteen-year-old Lesley is upset when her parents abandon their comfortable life in Canada for a kibbutz in Israel prior to the 1967 war.8 a950 bLexile estimate 8 aW bRaz-Plus  aPalestinevfiction aemigrationvfiction